000 00408nam a22001697a 4500
003 NUST - PNEC
005 20170116181146.0
008 151012b xxu||||| |||| 00| 0 eng d
020 _a-
040 _cLIBRARY
082 _a891.4391 AHM
100 _915030
_aAhmed, Shahzad
245 _aSadaf (urdu)
_cShahzad Ahmed
260 _cc.1988
650 _91749
_aUrdu Literature
_xGeneral
942 _2ddc
_cBK
999 _c70725
_d70725